| 000 | 01111nam a22003135a 4500 | ||
|---|---|---|---|
| 005 | 20150816142104.0 | ||
| 008 | 090525t okua|||frb||| 001 0 eng d | ||
| 010 | _a 2002279429 | ||
| 020 | _a087814823X | ||
| 020 | _a9780878148233 | ||
| 040 |
_aEG-ScBUE _beng _cEG-ScBUE |
||
| 082 | 0 | 4 |
_a665.5 _bHYN _222 |
| 100 | 1 |
_aHyne, Norman J. _95221 |
|
| 245 | 1 | 0 |
_aNontechnical guide to petroleum geology, exploration, drilling, and production / _cNorman J. Hyne. |
| 250 | _a2nd ed. | ||
| 260 |
_aTulsa, Oklahoma : _bPenn Well Corporation, _cc.2001. |
||
| 300 |
_axlv, 598 p. : _bill. ; _c24 cm. |
||
| 500 | _aIndex : p. 563-597. | ||
| 500 | _aGlossary : p. 451-550 | ||
| 504 | _aBibliography : p. 551-556. | ||
| 590 | _aMenna Elemam | ||
| 650 | 0 |
_aPetroleum-- _xGeology. _95222 _2BUEsh |
|
| 650 | 0 |
_aPetroleum-- _xengineering. _95223 _2BUEsh |
|
| 650 | 0 |
_aPetroleum-- _xProspecting. _95224 _2BUEsh |
|
| 651 | _2BUEsh | ||
| 653 |
_bENGPET _cAugust2015 |
||
| 655 |
_aGeological principles of petrolum exploration- Year 1 _vtext book _xEngineering _ySemester 2. 2008/2009 |
||
| 942 |
_cTB _k665.5 HYN _2ddc |
||
| 999 |
_c2399 _d2399 |
||